Mandragore-Columbine(paroles) - Statistiques

Statistiques générales
  • Ce quiz a été pris 46 fois
    38 depuis la dernière actualisation
  • Le résultat moyen est 301 sur 487
Statistiques - réponses
Hint Réponse % Correct
a à
100%
a ma
100%
a m'a
100%
a la
94%
a me
94%
a un
94%
a de
88%
a j'ai
88%
a je
88%
a le
88%
a les
88%
a Mandragore
88%
a ne
88%
a si
88%
a des
82%
a mes
82%
a mon
82%
a pas
82%
a peau
82%
a une
82%
a certaine
76%
a en
76%
a est
76%
a et
76%
a mais
76%
a peu
76%
a pour
76%
a que
76%
a calculatrice
71%
a c'est
71%
a comme
71%
a dans
71%
a elle
71%
a fantasmes
71%
a fascination
71%
a mort
71%
a par
71%
a suis
71%
a sur
71%
a affiche
65%
a bouche
65%
a cahier
65%
a car
65%
a cerveau
65%
a choisis
65%
a depuis
65%
a droite
65%
a gauche
65%
a hibernation
65%
a institutrice
65%
a moi
65%
a on
65%
a plus
65%
a proviseur
65%
a qui
65%
a six
65%
a trop
65%
a ai
59%
a bée
59%
a cailloux
59%
a contre
59%
a décennies
59%
a donc
59%
a entre
59%
a famille
59%
a foda
59%
a grandis
59%
a hochements
59%
a ici
59%
a ils
59%
a j'agrandis
59%
a j'écris
59%
a j'en
59%
a j'entends
59%
a livres
59%
a lu
59%
a maintenant
59%
a mal
59%
a mûr
59%
a murs
59%
a n'ai
59%
a ordinateur
59%
a peur
59%
a place
59%
a ramasse
59%
a sans
59%
a se
59%
a sont
59%
a sous
59%
a tête
59%
a très
59%
a vêtements
59%
a voix
59%
a beaucoup
53%
a beurre
53%
a caché
53%
a celui
53%
a cesse
53%
a chaque
53%
a cimetière
53%
a colorés
53%
a couteau
53%
a cruelle
53%
a douce
53%
a enfant
53%
a fait
53%
a fois
53%
a fuck
53%
a grande
53%
a hésite
53%
a imagination
53%
a j'entasse
53%
a j'me
53%
a j'utilise
53%
a lame
53%
a l'autre
53%
a littéraires
53%
a lune
53%
a malade
53%
a matin
53%
a m'injecte
53%
a morphine
53%
a n'est
53%
a nuit
53%
a oreiller
53%
a papillons
53%
a passion
53%
a petits
53%
a phase
53%
a punition
53%
a quelle
53%
a réjouissent
53%
a rien
53%
a somnambule
53%
a tu
53%
a vomissements
53%
a animal
47%
a armure
47%
a avec
47%
a camarades
47%
a caresse
47%
a classe
47%
a compagnie
47%
a demande
47%
a demandé
47%
a effraie
47%
a esprit
47%
a fruit
47%
a j'déambule
47%
a j'discute
47%
a jour
47%
a l'collimateur
47%
a l'orée
47%
a lotissement
47%
a nuages
47%
a pauvreté
47%
a pétales
47%
a pleurer
47%
a protéger
47%
a quelques
47%
a revienne
47%
a rose
47%
a ruelles
47%
a sénile
47%
a souvent
47%
a venge
47%
a coffre
41%
a du
41%
a
41%
a échangé
41%
a internement
41%
a l'ai
41%
a m'abandonne
41%
a maman
41%
a mère
41%
a naufragé
41%
a souris
41%
a ton
41%
a après
35%
a as
35%
a au
35%
a bol
35%
a céréales
35%
a DDASS
35%
a figurines
35%
a garnement
35%
a grimoire
35%
a inch'Allah
35%
a jouet
35%
a menti
35%
a noie
35%
a nos
35%
a nous
35%
a propre
35%
a rêves
35%
a sable
35%
a savane
35%
a sucé
35%
a vilain
35%
a amour
29%
a bave
29%
a bientôt
29%
a cartables
29%
a cercueil
29%
a coeur
29%
a colombes
29%
a filaments
29%
a lèvres
29%
a orphelin
29%
a propres
29%
a sang
29%
a sommes
29%
a tué
29%
a usé
29%
a auraient
24%
a décidées
24%
a dessinées
24%
a destinées
24%
a écouteurs
24%
a enfants
24%
a flaque
24%
a indifferents
24%
a jamais
24%
a j'les
24%
a l'ordinateur
24%
a migrateur
24%
a mots
24%
a n'était
24%
a oiseau
24%
a oiseaux
24%
a pardonne
24%
a parenthèses
24%
a prisonnier
24%
a prothèse
24%
a qu'une
24%
a rançon
24%
a relations
24%
a suicider
24%
a t'embrasse
24%
a tous
24%
a toutes
24%
a verbe
24%
a auto-tunés
18%
a avenir
18%
a billets
18%
a d'argent
18%
a désespoir
18%
a femmes
18%
a hommes
18%
a horde
18%
a kidnappé
18%
a l'amour
18%
a liasses
18%
a lycée
18%
a m'aies
18%
a miettes
18%
a mollards
18%
a pain
18%
a prédit
18%
a regards
18%
a reverront
18%
a s'abattra
18%
a seules
18%
a seuls
18%
a sifflet
18%
a tornades
18%
a déchirés
12%
a feront
12%
a l'espoir
12%
a scénarios
12%
a voler
12%
Aucun quiz correspondant
Distribution des résultats
% des personnes avec chaque résultat
Percentile par nombre de réponses
Votre historique - résultats
Vous n’avez pas pris ce quiz depuis la dernière actualisation